Top 10 najcenniejszych marek beauty na świecie - Statystyki

Ogólne statystyki
  • Ten quiz został rozwiązany 39 razy
  • Średni wynik to 3 z 10
Statystyki odpowiedzi
Kapitał Marka % Poprawnych
$10,222mln L’Oreal
64%
$6,192mln Nivea
55%
$5,094mln Dove
32%
$4,013mln Garnier
27%
$7,550mln Gilette
27%
$4,013mln Head&shoulders
18%
$5,005mln Clinique
14%
$5,687mln Estee Lauder
9%
$5,189mln Pantene
9%
$5,691mln Guerlain
5%
Nie znaleziono quizów pasujących do podanych kryteriów
Rozkład punktacji
Procent ludzi z każdym wynikiem
Percentyl według liczby udzielonych odpowiedzi
Twoja historia wyników
Nie rozwiązałeś tego quizu